[Event "ROM-ch U10"]
[Site "Calimanesti"]
[Date "2018.03.29"]
[Round "3"]
[White "Patru, Razvan Mihai"]
[Black "Buzuriu, Razvan Florin"]
[Result "0-1"]
[WhiteElo "1033"]
[BlackElo "1528"]
[PlyCount "49"]
[EventDate "2018.03.27"]
[EventType "swiss"]
[EventRounds "9"]
[EventCountry "ROU"]
[SourceTitle "CBM 183 Extra"]
[Source "ChessBase"]
[SourceDate "2018.04.19"]
[SourceVersion "1"]
[SourceVersionDate "2018.04.19"]
[SourceQuality "1"]

1. e4 c5 2. Nf3 e6 3. c4 Qc7 4. Nc3 a6 5. Be2 d6 6. 0-0 Nf6 7. d4 cxd4 8. Nxd4 b6 9. f3 Bb7 10. Be3 Be7 11. Qd2 0-0 12. Rac1 Nbd7 13. Rfd1 Rac8 14. b3 Rfe8 15. Kh1 h5 16. Kg1 Qb8 17. Nc2 Nc5 18. Nd4 Bf8 19. Kh1 d5 20. cxd5 exd5 21. exd5 Nxd5 22. Nxd5 Bxd5 23. Nc2 Bb7 24. Bf4 Qa8 25. Nd4 0-1

[Event "EU-ch U10 27th"]
[Site "Mamaia"]
[Date "2017.09.06"]
[Round "2"]
[White "Adamala, Jacek"]
[Black "Patru, Razvan Mihai"]
[Result "1-0"]
[WhiteElo "1349"]
[BlackElo "1077"]
[PlyCount "70"]
[EventDate "2017.09.05"]
[EventType "swiss"]
[EventRounds "9"]
[EventCountry "ROU"]
[SourceTitle "CBM 180 Extra"]
[Source "ChessBase"]
[SourceDate "2017.10.06"]
[SourceVersion "1"]
[SourceVersionDate "2017.10.06"]
[SourceQuality "1"]

1. e4 e6 2. d4 d5 3. Nd2 dxe4 4. Nxe4 Nf6 5. Bd3 Nc6 6. c3 Nxe4 7. Bxe4 Bd7 8. Nf3 Bd6 9. 0-0 h6 10. d5 exd5 11. Bxd5 0-0 12. Re1 Re8 13. Be3 Qf6 14. Qd2 a6 15. g3 Nd8 16. Nd4 Bc5 17. Bg2 Nc6 18. Rf1 Rab8 19. Nxc6 Bxc6 20. Bxc6 Bxe3 21. fxe3 Qxc6 22. Rad1 Rbd8 23. Qf2 Rxd1 24. Qxf7+ Kh8 25. Rxd1 Qe6 26. Qxe6 Rxe6 27. Kf2 Kh7 28. Kf3 g5 29. h3 Kg6 30. Kg4 h5+ 31. Kf3 Kf5 32. Rd2 g4+ 33. hxg4+ hxg4+ 34. Kf2 Kg5 35. Rd4 b5 1-0